000 00985nam a2200301Ia 4500
001 dia_4570
003 CHAP
005 20251023151903.0
008 220117s1965 xx 000 0 und d
010 _a175235
040 _cCHAP
082 _a664.02 L66 1965
100 _aLoncin, Marcel
_967545
245 _aTécnica de la Ingeniería alimentaria /
_c Marcel Loncin ; colaboración José Carballo Caabeiro
260 _aEspaña :
_b Dossat,
_c1965
300 _axviii, 781 p.
500 _aTítulo original: Les operations unitaires du genie chimique
503 _aC/e (ej. 1) \ I. 130428 (ej. 2)
504 _aBibliografía: p. 745-762
590 _aTP370 L66 1965
650 _aFood science and technology
_9156191
650 _aIndustria alimentaria
_9141176
700 _aCarballo Caabeiro, José, colab.
_9156192
901 _a664.02 L66 1965
902 _aM
905 _a0000001965 sp admn0000000000spa00
942 _cLIBRO
_2ddc
999 _c175235
_d175235